Online
Catalog

Crónica / (Record no. 18063)

MARC details
000 -CABECERA
campo de control de longitud fija 00946cam a2200241 a 4500
001 - NÚMERO DE CONTROL
campo de control 000018543
005 - FECHA Y HORA DE LA ÚLTIMA TRANSACCIÓN
campo de control 20200929165824.0
008 - DATOS DE LONGITUD FIJA--INFORMACIÓN GENERAL
campo de control de longitud fija 801030s1978 it b 001 0 ita
040 ## - FUENTE DE LA CATALOGACIÓN
Centro catalogador/agencia de origen DO-SdBNP
Centro/agencia transcriptor DLC
Centro/agencia modificador DLC
-- BNPHU
082 ## - NÚMERO DE LA CLASIFICACIÓN DECIMAL DEWEY
Número de clasificación 945.05
Número de documento/Ítem C736c
100 1# - ENTRADA PRINCIPAL--NOMBRE DE PERSONA
Nombre de persona Compagni, Dino,
Fechas asociadas al nombre 1260-1324.
9 (RLIN) 40102
245 10 - MENCIÓN DE TÍTULO
Título Crónica /
Mención de responsabilidad, etc. Dino Compagni ; introducción y notas Gino Luzzatto.
260 ## - PUBLICACIÓN, DISTRIBUCIÓN, ETC.
Lugar de publicación, distribución, etc. Torino, Italia :
Nombre del editor, distribuidor, etc. Giulio Einaudi,
Fecha de publicación, distribución, etc. 1978.
300 ## - DESCRIPCIÓN FÍSICA
Extensión xlii, 222 p. [1] fold. leaf of plates :
Otras características físicas plan ;
Dimensiones 19 cm.
490 1# - MENCIÓN DE SERIE
Mención de serie Nuova Universale Einaudi ;
Designación de volumen o secuencia 98
500 ## - NOTA GENERAL
Nota general Incluye índice de lugares y personas.
504 ## - NOTA DE BIBLIOGRAFÍA, ETC.
Nota de bibliografía, etc. Incluye referencias bibliográficas y notas al pie de las páginas.
651 #0 - PUNTO DE ACCESO ADICIONAL DE MATERIA--NOMBRE GEOGRÁFICO
Nombre geográfico Florencia (Italia{Rpara}
Subdivisión general Historia
Subdivisión cronológica 1421.
9 (RLIN) 40103
700 1# - PUNTO DE ACCESO ADICIONAL--NOMBRE DE PERSONA
Nombre de persona Luzzatto, Gino,
Fechas asociadas al nombre 1878-1964.
9 (RLIN) 3116
700 1# - PUNTO DE ACCESO ADICIONAL--NOMBRE DE PERSONA
Nombre de persona Compagni, Dino,
Fechas asociadas al nombre 1260-1324.
9 (RLIN) 40102
830 #0 - PUNTO DE ACCESO ADICIONAL DE SERIE-TÍTULO UNIFORME
Título uniforme Nuova Universale Einaudi ;
Número de parte o sección de la obra 98
9 (RLIN) 40104
910 ## - DATOS DE OPCIÓN DEL USUARIO (OCLC)
Datos de opción del usuario Catalogación por derivada / LC
Holdings
Estado de retiro Estado de pérdida Restricciones de uso No para préstamo Código de colección Localización permanente Ubicación/localización actual Ubicación en estantería Fecha de adquisición Número de inventario Total de préstamos Signatura topográfica completa Código de barras Fecha visto por última vez Precio válido a partir de Tipo de ítem Koha
      Excluido de préstamo Monografías: Libros y Folletos General General En catalogación 11.05.2010 LF1   945.05 C736c 18543-10 25.06.2020 25.06.2020 No se presta

Powered by Koha